<?xml version="1.0" encoding="UTF-8"?>
<record
    xmlns:xsi="http://www.w3.org/2001/XMLSchema-instance"
    xsi:schemaLocation="http://www.loc.gov/MARC21/slim http://www.loc.gov/standards/marcxml/schema/MARC21slim.xsd"
    xmlns="http://www.loc.gov/MARC21/slim">

  <leader>01163nam a22002057a 4500</leader>
  <datafield tag="999" ind1=" " ind2=" ">
    <subfield code="c">5115</subfield>
    <subfield code="d">5115</subfield>
  </datafield>
  <controlfield tag="003">DO-SdBHA</controlfield>
  <controlfield tag="005">20211103151139.0</controlfield>
  <controlfield tag="008">190114b           ||||| |||| 00| 0 spa d</controlfield>
  <datafield tag="020" ind1=" " ind2=" ">
    <subfield code="a">978-84-9793-677-4</subfield>
  </datafield>
  <datafield tag="040" ind1=" " ind2=" ">
    <subfield code="c">DO-SdBJH</subfield>
  </datafield>
  <datafield tag="082" ind1=" " ind2=" ">
    <subfield code="a">303.3                   </subfield>
    <subfield code="b">C221m          2016</subfield>
  </datafield>
  <datafield tag="100" ind1="1" ind2=" ">
    <subfield code="a">Canetti, Elias</subfield>
  </datafield>
  <datafield tag="245" ind1="1" ind2="0">
    <subfield code="a">Masa y poder: obra completa. 1</subfield>
    <subfield code="c"> Elias Canetti</subfield>
  </datafield>
  <datafield tag="260" ind1=" " ind2=" ">
    <subfield code="a">Barcelona, Espa&#xF1;a :</subfield>
    <subfield code="b">Debolsillo ,</subfield>
    <subfield code="c">2016</subfield>
  </datafield>
  <datafield tag="300" ind1=" " ind2=" ">
    <subfield code="a">737 p&#xE1;ginas</subfield>
  </datafield>
  <datafield tag="490" ind1=" " ind2=" ">
    <subfield code="a">	Contempor&#xE1;nea, de bolsillo </subfield>
    <subfield code="v">(vol. 385/1)</subfield>
  </datafield>
  <datafield tag="505" ind1=" " ind2=" ">
    <subfield code="a">1- Inversi&#xF3;n del temor a ser tocado                                   2- Mutas y mutas                 3- La inversi&#xF3;n de las mutas 4- S&#xED;mbolos de masa de las naciones                                5- Agarrar e incorporar        6- El superviviente               7- Fuerza y poder                 8- La orden; fuga y aguij&#xF3;n 9- Presentimiento y metamorfosis entre los bosquimanos                         10- Sobre las posiciones del hombre; lo que contienen   11- Reyes africanos             
</subfield>
  </datafield>
  <datafield tag="650" ind1="4" ind2=" ">
    <subfield code="a">Poder (ciencias sociales)                           </subfield>
    <subfield code="v">grupos sociales- psicolog&#xED;a social</subfield>
  </datafield>
  <datafield tag="942" ind1=" " ind2=" ">
    <subfield code="2">ddc</subfield>
    <subfield code="c">BK</subfield>
  </datafield>
  <datafield tag="952" ind1=" " ind2=" ">
    <subfield code="0">0</subfield>
    <subfield code="1">0</subfield>
    <subfield code="2">ddc</subfield>
    <subfield code="4">0</subfield>
    <subfield code="7">0</subfield>
    <subfield code="8">CG</subfield>
    <subfield code="a">BEGEM</subfield>
    <subfield code="b">BEGEM</subfield>
    <subfield code="c">GEN</subfield>
    <subfield code="d">2021-11-03</subfield>
    <subfield code="i">21-EERD-01702</subfield>
    <subfield code="l">0</subfield>
    <subfield code="o">303.3  C221m   2016</subfield>
    <subfield code="p">21-EERD-01702</subfield>
    <subfield code="r">2019-01-14 00:00:00</subfield>
    <subfield code="t">E.1</subfield>
    <subfield code="w">2021-11-03</subfield>
    <subfield code="y">BK</subfield>
  </datafield>
  <datafield tag="952" ind1=" " ind2=" ">
    <subfield code="0">0</subfield>
    <subfield code="1">0</subfield>
    <subfield code="2">ddc</subfield>
    <subfield code="4">0</subfield>
    <subfield code="7">0</subfield>
    <subfield code="8">CG</subfield>
    <subfield code="a">BEGEM</subfield>
    <subfield code="b">BEGEM</subfield>
    <subfield code="c">GEN</subfield>
    <subfield code="d">2022-05-11</subfield>
    <subfield code="i">21-EERD-01754</subfield>
    <subfield code="l">0</subfield>
    <subfield code="o">303.3  C221m   2016</subfield>
    <subfield code="p">21-EERD-01754</subfield>
    <subfield code="r">2022-05-11 00:00:00</subfield>
    <subfield code="t">Ej.4</subfield>
    <subfield code="w">2022-05-11</subfield>
    <subfield code="y">BK</subfield>
  </datafield>
</record>
